| 000 | 01199nam a2200277 i 4500 | ||
|---|---|---|---|
| 003 | EG-ScBUE | ||
| 005 | 20231116110354.0 | ||
| 008 | 100801s1971 u a af b 000 0 ara d | ||
| 017 | _a1971 / 2898 | ||
| 040 |
_aEG-ScBUE _bara _erda _cEG-ScBUE _dEG-ScBUE |
||
| 043 | _ama----- | ||
| 082 | 0 | 4 |
_222 _bب ي ر _a909.04927 |
| 100 | 1 |
_916930 _aبيرك، جاك، _d1910-1995، _eمؤلف. |
|
| 245 | 1 | 0 |
_aالعرب .. تاريخ ومستقبل / _cتأليف جاك بيرك ؛ مقدمة المستشرق السير هاملتون جيب ؛ تعريب وتعليق خيري حماد. |
| 264 | 1 |
_aالقاهرة : _bالهيئة المصرية العامة للتأليف والنشر، _c1971. |
|
| 300 |
_a374 صفحة : _bإيضاحيات ؛ _c24 سم |
||
| 336 |
_2rdacontent _aنص _btxt |
||
| 337 |
_aبدون وسيط _2rdamedia _bn |
||
| 338 |
_aمجلد _bnc _2rdacarrier |
||
| 504 | _aيشتمل علي إرجاعات ببليوجرافية. | ||
| 541 |
_aألف باء ؛ _cشراء ؛ |
||
| 651 | 7 |
_aالدول العربية _xتاريخ. _2BUEsh |
|
| 700 | 1 |
_916931 _aجيب، هاملتون، _eمقدم. |
|
| 700 | 1 |
_aحماد، خيري، _eمترجم. |
|
| 942 |
_2ddc _cBB |
||
| 999 |
_c14584 _d14584 |
||